000
00243 a2200097 4500
001
51872
100
_a
Stowe K
245
_a
Introduction to Statistical Mechanics & Thermodynamics
260
_a
New York
_b
John Wiley
_c
090
_c
32761
_d
32761
942
_a
NUST-CAE
_c
M
_c
25293
999
_c
286945
_d
286945